000 01477nam a2200397 a 4500
001 vtls002023316
003 NLI
005 20210601185315.0
008 181009s2013 ii g f 000 e urd d
020 _a9789350732649
_cRs.350.00
039 9 _y201810091106
_zwasima
040 _aNLI
_burd
_cUrdu Division
_eAACR2
041 _aurd
044 0 _aii
082 0 4 _a891.43919
_222
100 0 _6880-01
_aڈاکٹر ہاجرہ بانو
_9123644
245 1 _6880-02
_aتنقیدی تلازمے
_c/ڈاکٹر ہاجرہ بانو
260 _aDelhi:
_bEducational Publishing House,
_c2013.
300 _a288p.
_c, 22 cm.
650 0 _aUrdu poetry
_xcollection
_y20th century
_xHistory and criticism
_9123645
650 0 _aUrdu literature
_xcollection
_y20th century
_xHistory and criticism
_9123646
650 0 _aProse literature, Urdu
_xcollection
_xBiography
_y20th century
_xHistory and criticism
_9123647
700 0 _6880-03(B
700 0 _6880-04(B
880 0 _6100-01/(B
_aHajera Bano
_c,Dr.
880 1 _6245-02(B
_aTanqeedi talazame
_c/Dr.Hajera Bano
880 0 _6700-03(B
880 0 _6700-04(B
887 _awasim
901 _a31282
_b26.02.2013
902 _aU 891.43919 H 154 ta
904 _awasim
949 _AVIRTUAITEM
_D10022
_X100
_6DBA000031282URD
_a U 891.43919 H 154 ta
_e31282
942 _2ddc
_cBKS
999 _aVIRTUA40
_c49941
_d49941
999 _aVTLSSORT0080*0200*0400*0410*0440*0820*1000*2450*2600*3000*6500*6501*6502*7000*7001*8800*8801*8802*8803*9010*9020*9040*9992